000 00966nam a2200301 i 4500
001 59948
003 ES-MaACL
005 20250827062604.0
007 t|
008 031031s1981 sp ||||1| spa d
020 _a84-7398-138-3
110 1 _aEspaña
_93622
240 1 0 _aLey de enjuiciamiento criminal, 1882
245 1 0 _aEnjuiciamiento criminal.
250 _a3ª ed.,
_bactualizada por Luis Rodríguez Ramos.
260 _aMadrid :
_bCivitas,
_c1981.
300 _a514 p. ;
_c16 cm.
490 1 _aBiblioteca de legislación
500 _aIndice analítico.
650 4 _aProcedimiento penal-
_zEspaña-
_vLegislación.
_916431
655 0 _aLegislación
_9226283
700 1 _aRodríguez Ramos, Luis,
_d1941-
_998750
830 1 _aBiblioteca de legislación
_9177899
852 4 _aES-MaACL
_jG-16131
_962226
_bR.102724
_cDEPO2
_dOlim: A-5414
942 _2udc
_cMONOGRAFIA
_n0
999 _c59948
_d59948